The World's 50 Most Powerful Armies - Statistics

General Stats
  • This quiz has been taken 171 times
  • The average score is 40 of 50
Answer Stats
Hint Answer % Correct
2 Russia
100%
3 China
99%
1 United States of America
99%
8 United Kingdom
98%
7 France
96%
5 Japan
94%
4 India
93%
6 South Korea
93%
10 Brazil
92%
16 Germany
92%
14 Iran
91%
43 Mexico
91%
23 Canada
89%
11 Italy
89%
24 Poland
89%
19 Spain
89%
30 North Korea
88%
22 Ukraine
88%
34 Iraq
87%
18 Israel
86%
9 Pakistan
86%
13 Turkey
86%
12 Egypt
84%
15 Indonesia
84%
25 Sweden
84%
40 Argentina
83%
33 Norway
81%
20 Saudi Arabia
80%
26 South Africa
80%
29 Thailand
80%
28 Vietnam
78%
44 Colombia
76%
31 Algeria
75%
27 Greece
75%
35 Nigeria
72%
21 Taiwan
69%
49 Portugal
68%
37 Netherlands
67%
47 Syria
67%
50 Peru
65%
32 Switzerland
65%
48 Malaysia
62%
17 Austria
61%
38 Romania
59%
36 United Arab Emirates
59%
45 Venezuela
59%
39 Myanmar
57%
46 Bangladesh
55%
41 Czech Republic
54%
42 Singapore
47%
No matching quizzes found
Score Distribution
Percent of People with Each Score
Percentile by Number Answered
Your Score History
You have not taken this quiz